000
00278nam a2200121Ia 4500
008
190216s9999||||xx |||||||||||||| ||und||
100
_a
Janardhanapillai
245
0
_a
Real Analysis
260
_b
Ajith Book Center
_c
1998
300
_a
400
650
_a
Mathematics
942
_c
BK
999
_c
31351
_d
31351